[Event "40th TCh-GRE 2012"]
[Site "Achaea GRE"]
[Date "2012.07.02"]
[Round "4.3"]
[White "Pavlidis,Ant"]
[Black "Kalaitzoglou,P"]
[Result "1-0"]
[WhiteElo "2446"]
[BlackElo "2154"]

1.e4 e5 2.Nf3 Nc6 3.Bb5 a6 4.Ba4 Nf6 5.O-O b5 6.Bb3 Bb7 7.d3 Bc5 8.Nc3 d6
9.a4 b4 10.Nd5 Na5 11.Bg5 Nxb3 12.Bxf6 gxf6 13.cxb3 c6 14.Ne3 Bxe3 15.fxe3 Bc8
16.Nd2 Be6 17.Qf3 Rg8 18.Qxf6 Qxf6 19.Rxf6 Ke7 20.Rh6 Rg7 21.d4 f6 22.Rf1 Rf8
23.Nc4 Bd7 24.Nb6 Be8 25.Rc1 Rff7 26.Nc8+ Kd7 27.Nb6+ Ke7 28.Rc4 a5 29.Nc8+ Kd7
30.Na7 Rg4 31.dxe5  1-0

[Event "40th TCh-GRE 2012"]
[Site "Achaea GRE"]
[Date "2012.07.03"]
[Round "5.2"]
[White "Tsarouhas,V"]
[Black "Pavlidis,Ant"]
[Result "1/2-1/2"]
[WhiteElo "2164"]
[BlackElo "2446"]

1.e4 e5 2.Nf3 Nc6 3.Bb5 a6 4.Ba4 Nf6 5.O-O b5 6.Bb3 Bb7 7.Re1 Bc5 8.c3 d6
9.d4 Bb6 10.h3 O-O 11.Be3 Re8 12.Nbd2 exd4 13.cxd4 Na5 14.d5 Nxb3 15.axb3 c6
16.dxc6 Bxc6 17.Bxb6 Qxb6 18.Qc2 Qb7 19.Nd4 Bxe4 20.Nxe4 Rxe4 21.Rxe4 Nxe4
22.Qc6 Qxc6 23.Nxc6 Kf8 24.Nd4 b4 25.Nc6 Nc5 26.Nxb4 Rb8 27.Nd5 Rxb3 28.Nc7 Rb7
29.b4 Rxc7 30.bxc5 Ra7 31.cxd6 a5 32.Re1 a4 33.Re3 f5 34.Re5 g6 35.g4 f4
36.Re4 g5 37.d7 Rxd7 38.Rxa4 Kg7 39.Ra6 Rd3 40.Kg2 Rc3  1/2-1/2

[Event "4th Rethymno Open"]
[Site "Rethymno GRE"]
[Date "2012.07.09"]
[Round "4.2"]
[White "Kryvoruchko,Y"]
[Black "Stefanova,A"]
[Result "1-0"]
[WhiteElo "2672"]
[BlackElo "2505"]

1.e4 e5 2.Nf3 Nc6 3.Bb5 a6 4.Ba4 Nf6 5.O-O b5 6.Bb3 Bb7 7.d3 Be7 8.Nbd2 O-O
9.Re1 Re8 10.a4 Bf8 11.c3 Na5 12.Bc2 c5 13.d4 cxd4 14.cxd4 Nc6 15.d5 Nb4
16.Nb3 Qc7 17.Bb1 Rac8 18.Bd2 Nh5 19.Bc3 f5 20.Qd2 Qd6 21.axb5 axb5 22.Ra7 Ba8
23.Qg5 Qg6 24.Qxg6 hxg6 25.Nxe5 fxe4 26.Bxe4 Bxd5 27.Bxg6 Rxe5 28.Rxe5 Nf4
29.Rxd5 Nbxd5 30.Rxd7 Nxc3 31.Bf7+ Kh7 32.bxc3 Rxc3 33.g3 Rd3 34.Be6 Ne2+
35.Kg2 Rxd7 36.Bxd7 Nc3 37.f4 b4 38.Kf3 Kg6 39.g4 Bd6 40.Bc6 Kf6 41.g5+ Ke7
42.h4 Kd8 43.h5 Kc7 44.Ba8 Bf8 45.Kg4 Kb6 46.g6 Kc7 47.Kf5 Kd6 48.h6 gxh6
49.Kf6 Ne2 50.f5 h5 51.Kf7 Bh6 52.f6 Ng3 53.Nd4 b3 54.g7 Bxg7 55.fxg7 b2
56.g8=Q b1=Q 57.Qxg3+ Kc5 58.Qe5+ Kc4 59.Bd5+ Kc3 60.Nc2+  1-0

[Event "ch-SUI Hauptturnier 1 2012"]
[Site "Flims SUI"]
[Date "2012.07.14"]
[Round "3"]
[White "Chiang,M"]
[Black "Burnier,D"]
[Result "1/2-1/2"]
[WhiteElo "2144"]
[BlackElo "2315"]

1.e4 e5 2.Nf3 Nc6 3.Bb5 a6 4.Ba4 Nf6 5.O-O b5 6.Bb3 Bb7 7.Ng5 d5 8.exd5 Nd4
9.Re1 Bd6 10.Nf3 O-O 11.Nxe5 Re8 12.f4 Nxb3 13.axb3 Bxe5 14.Rxe5 Rxe5 15.fxe5 Qxd5
16.Qe2 Re8 17.Nc3 Qd4+ 18.Qf2 Qxe5 19.d3 Ng4 20.Bf4 Nxf2 21.Bxe5 Nh3+ 22.gxh3 Rxe5
23.Ne4 f5 24.Ng3 g6 25.Kf2 b4 26.Ra4 Rc5 27.Rxb4 Rxc2+ 28.Ke3 Bd5 29.Ne2 g5
30.Nc3 Bf7 31.h4 f4+ 32.Ke4 Bg6+ 33.Ke5 Bxd3 34.Kf6 h6 35.Rd4 Bb5 36.Nxb5 Rc6+
37.Kf5 axb5 38.hxg5 Rc5+ 39.Kxf4 hxg5+ 40.Kg4 Kf7 41.b4 Rc2 42.Kxg5 Rxh2
43.Rd7+ Ke6 44.Rxc7 Rxb2 45.Kf4 Kd6 46.Rc8 Rxb4+ 47.Ke3 Rb2 48.Kd4 b4 49.Rb8 Rb1
50.Kc4  1/2-1/2

[Event "20th Metropolitan IM"]
[Site "Los Angeles USA"]
[Date "2012.07.16"]
[Round "9"]
[White "Liou,Y"]
[Black "Amanov,Z"]
[Result "1/2-1/2"]
[WhiteElo "2322"]
[BlackElo "2384"]

1.e4 e5 2.Nf3 Nc6 3.Bb5 a6 4.Ba4 Nf6 5.O-O b5 6.Bb3 Bb7 7.d3 Bd6 8.a3 O-O
9.Nc3 h6 10.h3 Re8 11.Bd2 Bf8 12.Nd5 Nb8 13.c4 c5 14.Nxf6+ Qxf6 15.Nh2 Nc6
16.cxb5 axb5 17.Ng4 Qd6 18.Bd5 Nd8 19.Ne3 Bxd5 20.Nxd5 Ne6 21.Qg4  1/2-1/2

[Event "Corporation Centre Cup A"]
[Site "Izhevsk RUS"]
[Date "2012.07.18"]
[Round "4.7"]
[White "Dvoirys,S"]
[Black "Shinkevich,V"]
[Result "1/2-1/2"]
[WhiteElo "2580"]
[BlackElo "2476"]

1.e4 e5 2.Nf3 Nc6 3.Bb5 a6 4.Ba4 Nf6 5.O-O b5 6.Bb3 Bb7 7.c3 Nxe4 8.d4 Na5
9.Nxe5 Nxb3 10.Qxb3 Nd6 11.c4 bxc4 12.Nxc4 Nxc4 13.Qxb7 Be7 14.Nc3 O-O 15.Qf3 c6
16.d5 c5 17.Bf4 Bf6 18.b3 Ne5 19.Qh3 Ng6 20.Bd6 Re8 21.Rac1 Bd4 22.Qf5 Nh4
23.Qd3 Qg5 24.Bg3 Nf5 25.Ne4 Qe7 26.Rfe1 Nxg3 27.hxg3 f5 28.Nd2 Qxe1+ 29.Rxe1 Rxe1+
30.Kh2 g6 31.Nf3 Re4 32.d6 Kf8 33.Ng5 Rg4 34.f4 Re8 35.Qc4 Rxg5 36.fxg5 Re1
37.Qxa6 Bg1+ 38.Kh3 Bf2 39.Qc8+ Kg7 40.Qxd7+ Kf8 41.Qd8+ Kf7 42.Qd7+ Kf8
43.Qd8+  1/2-1/2

[Event "23rd Czech Open Rapid"]
[Site "Pardubice CZE"]
[Date "2012.07.18"]
[Round "2.1"]
[White "Navara,D"]
[Black "Potapov,Alexa1"]
[Result "1-0"]
[WhiteElo "2679"]
[BlackElo "2395"]

1.e4 e5 2.Nf3 Nc6 3.Bb5 a6 4.Ba4 Nf6 5.O-O b5 6.Bb3 Bb7 7.d3 Bd6 8.a3 O-O
9.Nc3 h6 10.Be3 Re8 11.Nh4 Nd4 12.Ba2 Bc5 13.Kh1 d5 14.exd5 Nxd5 15.Qh5 Qd7
16.Ne4 Bf8 17.Bxh6 Re6 18.Qg4 Qc6 19.Bg5 g6 20.Bxd5 Qxd5 21.Nf6+ Rxf6 22.Bxf6 Nxc2
23.Rac1 Qxd3 24.Bxe5 Bh6 25.Rcd1 Qc4 26.Nf5  1-0

[Event "XXI TCh-MKD 2012"]
[Site "Struga MKD"]
[Date "2012.07.18"]
[Round "3.2"]
[White "Mitkovski,Z"]
[Black "Georgiev,Vl"]
[Result "0-1"]
[WhiteElo "2177"]
[BlackElo "2562"]

1.e4 e5 2.Nf3 Nc6 3.Bb5 a6 4.Ba4 Nf6 5.O-O b5 6.Bb3 Bb7 7.d4 Nxd4 8.Nxd4 exd4
9.e5 Ne4 10.Qf3 Qe7 11.Re1 Nc5 12.Qg4 Nxb3 13.axb3 c5 14.Bg5 Qe6 15.Qh5 Qf5
16.Qh4 h6 17.Bd2 Qxc2 18.Qf4 Qg6 19.f3 Be7 20.h4 O-O  0-1

[Event "Turkish Bank Chess League 2012"]
[Site "Konya TUR"]
[Date "2012.07.20"]
[Round "11"]
[White "Patel,Y"]
[Black "Menzi,N"]
[Result "0-1"]
[WhiteElo "1857"]
[BlackElo "1913"]

1.e4 e5 2.Nf3 Nc6 3.Bb5 a6 4.Ba4 Nf6 5.O-O b5 6.Bb3 Bb7 7.c3 Nxe4 8.d4 d5
9.dxe5 Na5 10.Bc2 Be7 11.Re1 O-O 12.Nbd2 Nxd2 13.Qxd2 Re8 14.Qd3 g6 15.Bh6 Bc8
16.Qd4 Nc4 17.e6 f6 18.h4 Ne5 19.Nxe5 fxe5 20.Qxe5 Bf6 21.Qg3 Bxe6 22.h5 g5
23.f4 g4 24.Rxe6 Rxe6 25.Qxg4+ Kf7 26.Bxh7 Ke7 27.Bf5 Re3 28.Kf2 d4 29.Bg7 Qd6
30.Rd1 Re8 31.Bxf6+ Qxf6 32.Bg6 Rd8 33.cxd4 Re6 34.f5 Red6 35.Re1+ Kf8 36.Re4 Rxd4
37.Rxd4 Rxd4 38.Qe2 Rf4+ 39.Kg1 Qd4+ 40.Kh2 Rh4+  0-1

[Event "ch-AUT 2012"]
[Site "Zwettl AUT"]
[Date "2012.07.28"]
[Round "8.3"]
[White "Poetz,F"]
[Black "Wallner,J"]
[Result "0-1"]
[WhiteElo "2415"]
[BlackElo "2309"]

1.e4 e5 2.Nf3 Nc6 3.Bb5 a6 4.Ba4 Nf6 5.O-O b5 6.Bb3 Bb7 7.d3 Be7 8.a4 d6
9.Nbd2 O-O 10.c3 Na5 11.Ba2 c5 12.Re1 Qc7 13.Nf1 c4 14.Bg5 cxd3 15.Bxf6 Bxf6
16.axb5 axb5 17.Qxd3 Nc4 18.b3 Nb6 19.b4 Rfc8 20.Qxb5 Kf8 21.Qe2 Qxc3 22.Rac1 Qxb4
23.Rb1 Qa5 24.Qd3 Be7 25.Bxf7 Kxf7 26.Qb3+ Kf8 27.Qxb6 Qxb6 28.Rxb6 Rc7 29.Rb2 Ra4
30.Ng3 g6 31.h4 h6 32.Rbe2 Rcc4 33.Nd2 Rd4 34.Nf3 Rdb4 35.Re3 Kf7 36.R3e2 Ke6
37.Kh2 Ba6 38.Rd2 Bb7 39.Rde2 Bd8 40.Kh3 Ba5 41.h5 gxh5 42.Kh4 Rc4 43.Rf1 d5
44.Kxh5 dxe4 45.Ne1 Rc1 46.Kxh6 Ba6 47.Rc2 Rxc2 48.Nxc2 Bxf1 49.Nxf1 Ra2
50.Nfe3 Bd2 51.g4 Rxc2 52.g5 Bxe3  0-1

[Event "Politiken Cup 2012"]
[Site "Helsingor DEN"]
[Date "2012.07.29"]
[Round "3.4"]
[White "Ochsner,B"]
[Black "Sokolov,Ivan"]
[Result "0-1"]
[WhiteElo "2290"]
[BlackElo "2676"]

1.e4 e5 2.Nf3 Nc6 3.Bb5 a6 4.Ba4 Nf6 5.O-O b5 6.Bb3 Bb7 7.d3 Be7 8.Re1 d6
9.a3 Nb8 10.Nbd2 c5 11.Nf1 Qc7 12.Ng3 g6 13.Ba2 Nbd7 14.Bh6 Ng4 15.Bd2 h5
16.h3 Nh6 17.Qe2 Rc8 18.Rac1 Nf8 19.b4 c4 20.dxc4 bxc4 21.Bxh6 Rxh6 22.Qe3 Rh8
23.Nd2 h4 24.Ngf1 f5 25.Bxc4 Bxe4 26.Bxa6 Bxg2 27.Bxc8 Ba8 28.Ba6 Qc6 29.f3 Qxa6
30.c4 Nd7 31.a4 Rh5 32.b5 Qc8 33.c5 Rg5+ 34.Kh2 dxc5 35.Nc4 Qb7 36.Rc3 e4
37.f4 Qb8 38.Kh1 Rh5 39.Rd1 g5 40.Qe2 Nf6 41.Ne5 gxf4 42.Nc6 Qc7 43.Rdc1 f3
44.Qa2 f4 45.Qe6 Bxc6 46.Rxc5 Bd5 47.Qxf6 Bxf6 48.Rxc7 e3 49.Kh2 f2 50.R7c2 Rg5
51.Nd2 Rg2+ 52.Kh1 Rg1+ 53.Kh2 exd2  0-1

[Event "62nd ch-RUS w"]
[Site "Moscow RUS"]
[Date "2012.08.04"]
[Round "2"]
[White "Kosintseva,T"]
[Black "Pogonina,N"]
[Result "0-1"]
[WhiteElo "2530"]
[BlackElo "2448"]

1.e4 e5 2.Nf3 Nc6 3.Bb5 a6 4.Ba4 Nf6 5.O-O b5 6.Bb3 Bb7 7.Re1 Bc5 8.c3 O-O
9.d4 Bb6 10.Be3 d6 11.Nbd2 h6 12.h3 Re8 13.d5 Ne7 14.Bxb6 cxb6 15.Bc2 Ng6
16.Bd3 Nd7 17.Bf1 Rc8 18.a4 bxa4 19.Rxa4 b5 20.Ra3 Nb6 21.g3 Rf8 22.Bd3 Qd7
23.Kh2 Ne7 24.Nh4 Na4 25.Ra2 f5 26.Nxf5 Nxf5 27.exf5 Bxd5 28.c4 Nc5 29.Bf1 Bb7
30.g4 b4 31.f3 g6 32.fxg6 Qe6 33.b3 Qxg6 34.Ne4 Bxe4 35.fxe4 Rf6 36.Bg2 Rcf8
37.Rd2 Kg7 38.Re3 Re6 39.Qe1 Qg5 40.Rg3 a5 41.Qd1 Qg6 42.Ra2 Ref6 43.Rxa5 Rf2
44.Ra7+ Kh8 45.Kg1 Qg5 46.Qxd6 Nxe4 47.Qxf8+ Rxf8 48.Bxe4 Qf4 49.Rf3 Qc1+
50.Kf2 Qd2+ 51.Kf1 Qd1+ 52.Kg2 Qe2+ 53.Kg3 Qe1+ 54.Kh2 Rxf3 55.Ra8+ Rf8 56.Rxf8+ Kg7  0-1

[Event "Politiken Cup 2012"]
[Site "Helsingor DEN"]
[Date "2012.08.05"]
[Round "10.100"]
[White "Moller,A"]
[Black "Rasmussen,Jonas H"]
[Result "1-0"]
[WhiteElo "1895"]
[BlackElo "1673"]

1.e4 e5 2.Nf3 Nc6 3.Bb5 Nf6 4.O-O a6 5.Ba4 b5 6.Bb3 Bb7 7.Ng5 d5 8.exd5 Nd4
9.Re1 Bd6 10.f4 Nd7 11.d3 O-O 12.Ne4 Nxb3 13.axb3 Bxd5 14.Nbc3 Bb7 15.f5 h6
16.Re3 Nf6 17.Rg3 Kh7 18.Qe2 Nxe4 19.Nxe4 Bxe4 20.dxe4 Qe7 21.Be3 Rfd8 22.Rf1 Bc5
23.f6 Bxe3+ 24.Qxe3 gxf6 25.Rh3 Qf8 26.Rxf6 Rd6 27.Rhxh6+ Qxh6 28.Qxh6+  1-0

[Event "Miguel Najdorf Open A"]
[Site "Warsaw POL"]
[Date "2012.08.10"]
[Round "5.6"]
[White "Lewtak,Da"]
[Black "Czerwonski,A"]
[Result "0-1"]
[WhiteElo "2269"]
[BlackElo "2371"]

1.e4 e5 2.Nf3 Nc6 3.Bb5 a6 4.Ba4 Nf6 5.O-O b5 6.Bb3 Bb7 7.Re1 Bc5 8.c3 d6
9.d4 Bb6 10.a4 h6 11.Qd3 O-O 12.d5 Ne7 13.a5 Ba7 14.c4 Ng4 15.Re2 f5 16.h3 fxe4
17.Qxe4 Nf6 18.Qc2 bxc4 19.Bxc4 Bxd5 20.Bxd5+ Nfxd5 21.Nc3 Nxc3 22.Qxc3 Nf5
23.Ra4 Nd4 24.Nxd4 Bxd4 25.Qg3 Qf6 26.Be3 c5 27.b4 c4 28.Raa2 Rac8 29.Rac2 d5
30.Red2 Rfd8 31.Qg4 Bxe3 32.fxe3 d4 33.Qe4 Qd6 34.Kh2 Kh8 35.Rd1 Qd5 36.Qxd5 Rxd5
37.Kg3 d3 38.Rc3 Kg8 39.Kf3 Kf7 40.Ke4 Ke6 41.Rd2 Rc7 42.Kf3 Rb5 43.Rdxd3 Rf7+  0-1

[Event "Manhem GM 2012"]
[Site "Gothenburg SWE"]
[Date "2012.08.13"]
[Round "4"]
[White "Welin,M"]
[Black "Henrichs,T"]
[Result "0-1"]
[WhiteElo "2270"]
[BlackElo "2493"]

1.e4 e5 2.Nf3 Nc6 3.Bb5 a6 4.Ba4 Nf6 5.O-O b5 6.Bb3 Bb7 7.d3 Bd6 8.a3 O-O
9.Nc3 h6 10.h3 Na5 11.Ba2 c5 12.Nh4 Re8 13.Nf5 Bf8 14.f4 b4 15.axb4 cxb4
16.Ne2 b3 17.cxb3 Nc6 18.Qe1 exf4 19.Bxf4 d5 20.Nc3 dxe4 21.dxe4 Nb4 22.Bb1 Qb6+
23.Kh1 Rad8 24.Qh4 Nh7 25.Qg3 Qg6 26.Qe3 Nf6 27.Ng3 Nh5 28.e5 Nd3 29.Nce2 Qc6
30.Rg1 Bc5  0-1

[Event "2nd Metropolitan International"]
[Site "Los Angeles USA"]
[Date "2012.08.16"]
[Round "5"]
[White "Sevian,Samuel"]
[Black "Aldama Degurnay,D"]
[Result "1/2-1/2"]
[WhiteElo "2316"]
[BlackElo "2425"]

1.e4 e5 2.Nf3 Nc6 3.Bb5 a6 4.Ba4 Nf6 5.O-O b5 6.Bb3 Bb7 7.d3 Be7 8.Re1 O-O
9.h3 d6 10.a3 h6 11.Nbd2 Nh7 12.Nf1 Ng5 13.c3 Nxf3+ 14.Qxf3 Bg5 15.Ng3 Bxc1
16.Raxc1 Ne7 17.Nf5 Kh7 18.Nxe7 Qxe7 19.Qe3 Qg5 20.Qxg5 hxg5 21.d4 Rad8 22.f3 g6
23.dxe5 dxe5 24.Rcd1 Kg7 25.Kf2 Kf6 26.Rxd8 Rxd8 27.Rd1  1/2-1/2

[Event "e2e4 Gatwick Masters A 2012"]
[Site "Crawley ENG"]
[Date "2012.08.18"]
[Round "1.4"]
[White "Roberson,P"]
[Black "Compton,A"]
[Result "1-0"]
[WhiteElo "2295"]
[BlackElo "2072"]

1.e4 e5 2.Nf3 Nc6 3.Bb5 a6 4.Ba4 Nf6 5.O-O b5 6.Bb3 Bb7 7.Re1 Bc5 8.c3 d6
9.a4 b4 10.a5 bxc3 11.bxc3 O-O 12.d3 Ne7 13.Nbd2 Ng6 14.Nf1 Rb8 15.Ng3 d5
16.Qc2 dxe4 17.Nxe4 Nxe4 18.dxe4 h6 19.Bc4 Bc8 20.Be3 Qe7 21.Rad1 Bxe3 22.Rxe3 Qc5
23.Qa2 Bb7 24.Ne1 Nf4 25.Rd7 Rbd8 26.Nd3 Nxd3 27.Rexd3 Rxd7 28.Rxd7 Bxe4
29.Bxf7+ Kh7 30.Qc4 Qxc4 31.Bxc4 c6 32.f3 Bd5 33.Bxd5 cxd5 34.Rxd5 Rc8 35.Rxe5 Rxc3
36.Re6 Ra3 37.Rxa6 Kg8 38.Ra7  1-0

[Event "EY Boys U16 2012"]
[Site "Prague CZE"]
[Date "2012.08.22"]
[Round "6.25"]
[White "Eggink,R"]
[Black "Csonka,B"]
[Result "0-1"]
[WhiteElo "2031"]
[BlackElo "2313"]

1.e4 e5 2.Nf3 Nc6 3.Bb5 a6 4.Ba4 Nf6 5.O-O b5 6.Bb3 Bb7 7.d3 Be7 8.a4 O-O
9.Nc3 b4 10.Ne2 d5 11.Ng3 dxe4 12.dxe4 Qxd1 13.Rxd1 Na5 14.Bg5 Rfe8 15.Bxf6 Bxf6
16.Rd7 Nxb3 17.cxb3 Bc8 18.Rxc7 Be6 19.Nd2 Red8 20.Ngf1 Rd3 21.Nc4 Rxb3 22.Nfe3 Rd8
23.Ra7 Bg5 24.Nd5 Bxd5 25.exd5 Rxd5 26.Ra8+ Rd8 27.Rxd8+ Bxd8 28.Rd1 Bf6
29.f3 h5 30.Kf1 h4 31.Ke2 h3 32.g3 Kf8 33.Rd2 Bg5 34.Rd6 Bc1 35.Rd1 Bg5 36.Rd3 Rxd3
37.Kxd3 f6 38.Ke4 Ke7 39.Kd5 b3 40.Kc6 Ke6 41.a5 f5 42.Kb7 e4 43.f4 Bf6 44.Kxa6 Bxb2
45.Kb5 Bd4  0-1

[Event "40th Olympiad Women"]
[Site "Istanbul TUR"]
[Date "2012.08.28"]
[Round "1.43"]
[White "Smith,Ja"]
[Black "Kaya,E"]
[Result "0-1"]
[WhiteElo "1689"]
[BlackElo "1974"]

1.e4 e5 2.Nf3 Nc6 3.Bb5 a6 4.Ba4 Nf6 5.O-O b5 6.Bb3 Bb7 7.d3 Be7 8.c3 O-O
9.Re1 d6 10.Nbd2 Na5 11.Bc2 c5 12.Nf1 Re8 13.Ng3 g6 14.Bg5 Nc6 15.Qd2 Qc7
16.h3 Nd8 17.Bb3 Rb8 18.Nh4 c4 19.dxc4 Ne6 20.Bh6 bxc4 21.Bd1 Nc5 22.Bc2 Nfxe4
23.Nxe4 Nxe4 24.Bxe4 Bxh4 25.Bxb7 Rxb7 26.Qf4 Be7 27.Qd2 a5 28.Re4 Qc6 29.Re2 f5
30.f4 e4 31.Kh1 d5 32.Kh2 Bf6 33.g4 Qe6 34.Rg2 Rd7 35.gxf5 Qxf5 36.Bg5 e3
37.Qe2 Bxg5 38.fxg5 Rf7 39.Re1 Re5 40.h4 Qf4+ 41.Kh3 Qe4 42.Rg4 Qd3 43.Rd4 Qf5+
44.Kh2 Qf2+ 45.Qxf2 Rxf2+ 46.Kg3 Rxb2 47.Kf3 Rf5+ 48.Rf4 Rf2+  0-1

[Event "40th Olympiad Women"]
[Site "Istanbul TUR"]
[Date "2012.08.29"]
[Round "2.5"]
[White "Yu,Sal"]
[Black "Sachdev,T"]
[Result "0-1"]
[WhiteElo "1990"]
[BlackElo "2379"]

1.e4 e5 2.Nf3 Nc6 3.Bb5 a6 4.Ba4 Nf6 5.O-O b5 6.Bb3 Bb7 7.Re1 Bc5 8.c3 O-O
9.d3 h6 10.Nbd2 Re8 11.Nf1 Bf8 12.h3 Na5 13.Bc2 c5 14.Ng3 d5 15.Qe2 Qc7 16.Nh2 c4
17.Ng4 Nxg4 18.Qxg4 Re6 19.exd5 Bxd5 20.d4 Kh8 21.dxe5 Rxe5 22.Rd1 Bb7 23.Bf4 Qc6
24.f3 Rd5 25.Kh2 Qc8 26.Qxc8 Rxc8 27.Be4 Rxd1 28.Rxd1 Bc6 29.Bxc6 Nxc6 30.Rd7 Kg8
31.Ne4 Re8 32.Rc7 Ne5 33.Bxe5 Rxe5 34.Rd7 f5 35.Ng3 Bc5 36.Rd2 Be3 37.Rc2 Bf4
38.h4 g5 39.Kh3 g4+ 40.Kh2 Re3 41.Rf2 Kf7 42.Rd2 gxf3 43.Rf2 fxg2  0-1

[Event "40th Olympiad Women"]
[Site "Istanbul TUR"]
[Date "2012.08.30"]
[Round "3.7"]
[White "Ankhchimeg,B"]
[Black "Pogonina,N"]
[Result "0-1"]
[WhiteElo "2167"]
[BlackElo "2448"]

1.e4 e5 2.Nf3 Nc6 3.Bb5 a6 4.Ba4 Nf6 5.O-O b5 6.Bb3 Bb7 7.d3 Be7 8.Re1 O-O
9.Nbd2 d6 10.c3 Na5 11.Bc2 c5 12.Nf1 Re8 13.Ng3 Bf8 14.d4 cxd4 15.cxd4 exd4
16.Nxd4 Nc4 17.b3 Ne5 18.Ndf5 Rc8 19.Bg5 h6 20.Be3 Ng6 21.Bd4 Re6 22.h4 Qe8
23.Bxf6 Rxf6 24.b4 Ne5 25.Bb3 Nc4 26.Nh5 Re6 27.Qg4 Rg6 28.Qe2 Qe5 29.f4 Qc3
30.Rad1 Re8 31.Bc2 d5 32.e5 d4 33.Be4 Bxe4 34.Qxe4 Nd2 35.Rxd2 Qxd2 36.Nfg3 Bxb4
37.Re2 Qd1+ 38.Kh2 d3 39.Re3 d2 40.Qxb4 Qc1 41.Rd3 d1=Q 42.Rxd1 Qxd1  0-1

[Event "40th Olympiad Women"]
[Site "Istanbul TUR"]
[Date "2012.08.31"]
[Round "4.10"]
[White "Dauletova,G"]
[Black "Makropoulou,M"]
[Result "0-1"]
[WhiteElo "2267"]
[BlackElo "2256"]

1.e4 e5 2.Nf3 Nc6 3.Bb5 a6 4.Ba4 Nf6 5.O-O b5 6.Bb3 Bb7 7.Ng5 d5 8.exd5 Nd4
9.Re1 Bd6 10.f4 O-O 11.fxe5 Bc5 12.Kh1 Nxb3 13.exf6 Qxd5 14.Ne4 Nxa1 15.fxg7 Kxg7
16.Nbc3 Qc6 17.d4 Be7 18.Bf4 Rfd8 19.d5 Qg6 20.Qd4+ Kg8 21.Rxa1 b4 22.Bxc7 bxc3
23.Nxc3 Bf6 24.Qf2 Rd7 25.d6 Re8 26.Na4 Bc6 27.Nc3 Bh4 28.Qf1 Qxc2 29.Rc1 Qxb2
30.Ba5 Qxc1 31.Qxc1 Re1+  0-1

[Event "40th Olympiad Women"]
[Site "Istanbul TUR"]
[Date "2012.09.03"]
[Round "6.16"]
[White "Schnegg,A"]
[Black "Kaya,E"]
[Result "1-0"]
[WhiteElo "2088"]
[BlackElo "1974"]

1.e4 e5 2.Nf3 Nc6 3.Bb5 a6 4.Ba4 Nf6 5.O-O b5 6.Bb3 Bb7 7.d3 Be7 8.Nc3 d6
9.a4 b4 10.Nd5 Nxd5 11.Bxd5 O-O 12.c3 Rb8 13.Qc2 bxc3 14.bxc3 Na5 15.Bxb7 Rxb7
16.Be3 Qd7 17.Rfb1 Rfb8 18.h3 c5 19.Rxb7 Qxb7 20.Nd2 Qb2 21.Qb1 Qxb1+ 22.Rxb1 Rxb1+
23.Nxb1 Kf8 24.Nd2 Ke8 25.Kf1 Kd7 26.Ke2 Kc6 27.Kd1 g6 28.Kc2 f5 29.Nb3 Nxb3
30.Kxb3 d5 31.exd5+ Kxd5 32.c4+ Ke6 33.g3 g5 34.g4 f4 35.Bd2 f3 36.Bc3 Bd6
37.Kc2 e4 38.dxe4 Bg3 39.Be1 Be5 40.Bc3 Bg3 41.Be1 Be5 42.Bd2 Bd4 43.Bxg5 Ke5
44.Kd3 Bxf2 45.Be3 Bxe3 46.Kxe3 f2 47.Kxf2 Kxe4 48.Ke2 Kf4 49.Kd3 Kf3 50.g5 Kf4
51.a5 Kf3 52.h4 Kf4 53.h5 Kxg5 54.Ke4 Kxh5 55.Kd5 Kg6 56.Kxc5 h5 57.Kb6 h4
58.c5 h3 59.c6 h2 60.c7 h1=Q 61.c8=Q Qb1+ 62.Kxa6 Qd3+ 63.Kb6 Qb3+ 64.Ka7 Qe3+
65.Kb8 Qe5+ 66.Qc7 Qe8+ 67.Kb7 Kg5 68.Qc5+ Kh4 69.a6 Qd7+ 70.Kb6 Qd8+ 71.Kb5 Qb8+
72.Ka4 Qe8+ 73.Qb5 Qa8 74.Qc4+ Kh3 75.Qd3+ Kh4 76.Qd4+ Kh3 77.a7 Qc6+ 78.Kb3 Qb7+
79.Kc2 Qg2+ 80.Qd2 Qa8 81.Qe3+ Kg2 82.Qe2+ Kg3 83.Qe5+ Kh4 84.Qb8 Qe4+ 85.Kb2 Qe2+
86.Ka3 Qe3+ 87.Ka4 Qd4+ 88.Qb4  1-0

[Event "14th Trieste Open A"]
[Site "Trieste ITA"]
[Date "2012.09.04"]
[Round "5"]
[White "Rombaldoni,Ax"]
[Black "Jovanic,O"]
[Result "0-1"]
[WhiteElo "2458"]
[BlackElo "2511"]

1.e4 e5 2.Nf3 Nc6 3.Bb5 a6 4.Ba4 Nf6 5.O-O b5 6.Bb3 Bb7 7.d3 Bd6 8.a3 O-O
9.Bg5 h6 10.Bh4 Be7 11.Nbd2 Nh7 12.Bg3 d6 13.c3 Bf6 14.Bd5 Rb8 15.a4 Qd7
16.b4 Rfe8 17.axb5 axb5 18.Nb3 Nf8 19.Qd2 Nd8 20.Bxb7 Rxb7 21.Ra8 Nde6 22.Rfa1 Rbb8
23.Rxb8 Rxb8 24.d4 exd4 25.cxd4 Ng5 26.Nxg5 hxg5 27.f3 g4 28.Rc1 gxf3 29.gxf3 Ra8
30.Na5 Ne6 31.d5 Ng5 32.Qg2 Bd4+ 33.Kh1 Bb6 34.Bh4 Nh7 35.Be1 f5 36.exf5 Qxf5
37.Bc3 Nf6 38.Re1 Re8 39.Rxe8+ Nxe8 40.Qe2 Qb1+ 41.Be1 Nf6 42.Qe6+ Kh7 43.Nc6 Qg6
44.Bg3 Qh5 45.Kg2 Qxd5 46.Qh3+ Qh5 47.Qe6 Qd5 48.Qh3+ Nh5 49.Qh4 Qxc6 50.Qxh5+ Kg8
51.Qf5 Qe8 52.Kf1 g6 53.Qg4 Qf7 54.Kg2 Qf5 55.Qh4 Qe6 56.Qd8+ Kf7 57.Kh1  0-1

[Event "40th Olympiad Women"]
[Site "Istanbul TUR"]
[Date "2012.09.05"]
[Round "8.12"]
[White "Mamedjarova,T"]
[Black "Makropoulou,M"]
[Result "1/2-1/2"]
[WhiteElo "2245"]
[BlackElo "2256"]

1.e4 e5 2.Nf3 Nc6 3.Bb5 a6 4.Ba4 Nf6 5.O-O b5 6.Bb3 Bb7 7.d4 Nxd4 8.Bxf7+ Kxf7
9.Nxe5+ Ke8 10.Qxd4 Nxe4 11.Qd1 g6 12.Re1 d5 13.Nd3 Bd6 14.Qg4 Qd7 15.Qh4 Qf5
16.f3 Be7 17.Qf4 Nd6 18.Qg5 Qxg5 19.Bxg5 Nc8 20.Nc5 Bc6 21.Bf6 Rg8 22.Nd2 Kf7
23.Bxe7 Nxe7 24.Ndb3 b4 25.Nd4 Bb5 26.Nde6 Nf5 27.g4 Nh4 28.Kf2 g5 29.Re5 h6
30.Rae1 Rge8 31.Nxc7 Rxe5 32.Rxe5 Rc8 33.Nxb5 Rxc5 34.Nd6+ Kf8 35.Re8+ Kg7
36.Re2 Rc6 37.Nb7 Rf6 38.Re3 d4 39.Rd3 Rc6 40.Rd2 Rf6 41.Rxd4 Rxf3+ 42.Ke2 Rh3
43.Rxb4 Rxh2+ 44.Kd3 Ng6 45.Nd6 Ne5+ 46.Ke3 Rh3+ 47.Ke2 Rh2+ 48.Ke3 Rh3+
49.Ke4  1/2-1/2

[Event "9th LGA Premium Cup"]
[Site "Nuernberg GER"]
[Date "2012.09.07"]
[Round "3.62"]
[White "Seibold,H"]
[Black "Holzmayr,N"]
[Result "0-1"]
[WhiteElo "2195"]
[BlackElo "1823"]

1.e4 e5 2.Nf3 Nc6 3.Bb5 a6 4.Ba4 Nf6 5.O-O b5 6.Bb3 Bb7 7.d3 Bc5 8.c3 Bb6
9.Qe2 d6 10.a4 b4 11.Nbd2 Rb8 12.Bc2 bxc3 13.bxc3 Ba5 14.Ra3 Bb6 15.Nc4 Bc5
16.Ra1 a5 17.Ne3 Ne7 18.d4 exd4 19.cxd4 Bb4 20.e5 Nfd5 21.exd6 Nc3 22.Qc4 Qxd6
23.Ng5 Ncd5 24.Ne4 Qb6 25.Nc5 Bc8 26.Nxd5 Nxd5 27.Qxd5 O-O 28.Nd7 Bxd7 29.Qxd7 Rbd8
30.Qh3 g6 31.Be3 Rd5 32.Qf3 Rh5 33.d5 Bc5 34.Rad1 Qd6 35.Bxc5 Qxh2+  0-1

[Event "21st TCh-CRO 1b 2012"]
[Site "Sibenik CRO"]
[Date "2012.09.24"]
[Round "2.1"]
[White "Dvirnyy,D"]
[Black "Georgiev,Vl"]
[Result "1/2-1/2"]
[WhiteElo "2520"]
[BlackElo "2566"]

1.e4 e5 2.Nf3 Nc6 3.Bb5 a6 4.Ba4 Nf6 5.O-O b5 6.Bb3 Bb7 7.d3 Be7 8.Nc3 O-O
9.Bd2 d6 10.Nd5 Nb8 11.Nxe7+ Qxe7 12.Nh4 Bc8 13.Bg5 Be6 14.f4 Nbd7 15.fxe5 dxe5
16.Nf5 Bxf5 17.Rxf5 a5 18.a4 bxa4 19.Bxa4 Ra6 20.Bxd7 Qxd7 21.Bxf6 gxf6 22.b3 Rb8
23.Ra4 Rb4 24.Rxb4 axb4 25.h3 Kf8 26.Kh2 Ke7 27.Qe1 Qd4 28.Qh4 Qc5 29.Rf2 Qe3
30.Rf5 Qc5 31.Rf2 Qe3 32.Rf5  1/2-1/2

[Event "21st TCh-CRO w 2012"]
[Site "Sibenik CRO"]
[Date "2012.09.24"]
[Round "2.2"]
[White "Madl,I"]
[Black "Krivec,J"]
[Result "0-1"]
[WhiteElo "2329"]
[BlackElo "2240"]

1.e4 e5 2.Nf3 Nc6 3.Bb5 a6 4.Ba4 Nf6 5.O-O b5 6.Bb3 Bb7 7.d3 Be7 8.Nc3 O-O
9.Bd2 d6 10.Ne2 d5 11.exd5 Nxd5 12.Re1 Kh8 13.Ng3 f6 14.c3 Qd7 15.d4 exd4
16.cxd4 Ncb4 17.Qb1 c5 18.dxc5 Bxc5 19.a3 Nc6 20.Qf5 Qxf5 21.Nxf5 Rad8 22.Rac1 Bb6
23.Re6 Ba5 24.Rcxc6 Bxd2 25.Nxd2 Nf4 26.Nf3 Nxe6 27.Rxe6 Bc8 28.N5d4 Bxe6
29.Nxe6 Rc8 30.Kf1 Rc1+ 31.Ke2 Rfc8 32.Nfd4 Rb1 33.Bc2 Rxb2 34.Kd3 Ra2  0-1

[Event "Tatry Open 2012"]
[Site "Tatranske Zruby SVK"]
[Date "2012.09.24"]
[Round "2.42"]
[White "Kebis,M"]
[Black "Ptacnik,S"]
[Result "0-1"]
[WhiteElo "2002"]
[BlackElo "2089"]

1.e4 e5 2.Nf3 Nc6 3.Bb5 a6 4.Ba4 Nf6 5.O-O b5 6.Bb3 Bb7 7.Ng5 d5 8.exd5 Nd4
9.Re1 Bd6 10.d3 Nxd5 11.Nf3 O-O 12.Bg5 Qd7 13.Nxd4 exd4 14.Nd2 h6 15.Bh4 Nf4
16.Ne4 Rae8 17.Bg3 Kh8 18.Qd2 Nxg2 19.Kxg2 f5 20.f3 fxe4 21.fxe4 Bc8 22.Kh1 Bxg3
23.hxg3 Re5 24.Rf1 Qh3+ 25.Kg1 Qxg3+  0-1

[Event "TATA 50th ch-IND National Premier"]
[Site "Kolkata IND"]
[Date "2012.10.03"]
[Round "3.7"]
[White "Satyapragyan,S"]
[Black "Karthikeyan,P2"]
[Result "1/2-1/2"]
[WhiteElo "2456"]
[BlackElo "2401"]

1.e4 e5 2.Nf3 Nc6 3.Bb5 a6 4.Ba4 Nf6 5.O-O b5 6.Bb3 Bb7 7.d3 Be7 8.a3 O-O
9.Re1 h6 10.Nbd2 Re8 11.Nf1 Bf8 12.Ng3 d5 13.exd5 Nxd5 14.Bd2 Qd7 15.Ba2 Rad8
16.Qc1 Kh7 17.b4 f6 18.Qb2 Nce7 19.Ne4 Ng6 20.Qb3 Be7 21.Rad1 Ndf4 22.Bxf4 Nxf4
23.h3 Qf5 24.Re3 Qg6 25.Nh4 Qh5 26.Nf3 Bxe4 27.Rxe4 Nxh3+ 28.gxh3 Qxf3 29.Rde1 Qxh3
30.R1e3 Qh5 31.Rg3 f5 32.Re1 f4 33.Rg2 Rd6 34.f3 Bh4 35.Rf1 Bg3 36.Qc3 c6
37.Qc5 Rf6 38.d4 Qg5 39.c3 exd4 40.Bb1+ Kh8 41.Qxd4 Qd5 42.Qxd5 cxd5 43.Rd2 Re5
44.Ba2 Rc6 45.Rc1 g5 46.Rxd5 Rxd5 47.Bxd5 Rd6 48.c4  1/2-1/2